000 00299nam a2200097Ia 4500
008 230206s9999 xx 000 0 und d
041 _aeng
100 _aMurthy E N, Ed.
_9119286
245 _aThe ICFAI University Journal of Entrepreneurship Development
260 _c2009
_bThe ICFAI University
_aHyderabad
999 _c97738
_d97738